书目信息 |
| 题名: |
环境工程微生物学
|
|
| 作者: | 胡家骏 编著 | |
| 分册: | ||
| 出版信息: | 北京 高等教育出版社 1988.03 |
|
| 页数: | 240页 | |
| 开本: | 16开 | |
| 丛书名: | ||
| 单 册: | ||
| 中图分类: | X172-43 | |
| 科图分类: | ||
| 主题词: | 环境生物学 | |
| 电子资源: | ||
| ISBN: | 7-04-000825-4 | |
| 000 | 00564nam0 2200193 45 | |
| 001 | 0006111605 | |
| 005 | 20000613085252.0 | |
| 010 | @a7-04-000825-4@d3.00元 | |
| 100 | @a20000611d1988 km y0chiy0120 ea | |
| 101 | 0 | @achi |
| 105 | @a z 000yy | |
| 200 | 1 | @a环境工程微生物学@AHuan Jing Gong Cheng Wei Sheng Wu Xue@f胡家骏编著@FHu Jia Jun Bian Zhu |
| 210 | @a北京@c高等教育出版社@d1988.03 | |
| 215 | @a240页@d16开 | |
| 606 | 0 | @a环境生物学 |
| 690 | @aX172-43@v3 | |
| 701 | 0 | @a胡家骏@4编著 |
| 801 | @aCN@bPftUser@c20000611 | |
| 905 | @dX172-43@eH347@b204305-306@f2 | |
| 环境工程微生物学/胡家骏编著.-北京:高等教育出版社,1988.03 |
| 240页;16开 |
| ISBN 7-04-000825-4:3.00元 |
| ● |
| 相关链接 |
|
|
|
正题名:环境工程微生物学
索取号:X172-43/H347
 
预约/预借
| 序号 | 登录号 | 条形码 | 馆藏地/架位号 | 状态 | 备注 |
| 1 | 200945 | 202009450 | 自科二线504/501自科库 63排5列3层/ [索取号:X172-43/H347] | 在馆 | |
| 2 | 200946 | 202009469 | 自科库501/501自科库 63排5列3层/ [索取号:X172-43/H347] | 在馆 | |
| 3 | 200947 | 202009478 | 自科库501/501自科库 63排5列3层/ [索取号:X172-43/H347] | 在馆 | |
| 4 | 200948 | 202009487 | 期刊室512/501自科库 63排5列3层/ [索取号:X172-43/H347] | 在馆 | |
| 5 | 204233 | 202042333 | 自科二线504/504自科库 8排3列3层/ [索取号:X172-43/H347] | 在馆 | |
| 6 | 204305 | 202043056 | 期刊室512/501自科库 63排5列3层/ [索取号:X172-43/H347] | 在馆 | |
| 7 | 204306 | 202043065 | 期刊室512/501自科库 63排5列3层/ [索取号:X172-43/H347] | 在馆 |